Bursa halk kültürü (Record no. 4501)
[ view plain ]
| 000 -BAŞLIK | |
|---|---|
| Sabit Uzunlukta Kontrol Alanı | 01136na a2200289 4500 |
| 001 - KONTROL NUMARASI | |
| Denetim Alanı | 13216 |
| 003 - KONTROL NUMARASI IDENTIFIER | |
| Denetim Alanı | MIRAKIL |
| 005 - SON İŞLEM TARİHİ VE ZAMANI | |
| Denetim Alanı | 20181213155008.0 |
| 008 - SABİT-BOY VERİ ELEMANLARI - GENEL BİLGİLER | |
| Sabit Uzunlukta Kontrol Alanı | 160908b tu 000 0 |
| 020 ## - ULUSLARARASI STANDART KİTAP NUMARASI | |
| Uluslararası Standart Kitap Numarası | 9756149124 |
| 020 ## - ULUSLARARASI STANDART KİTAP NUMARASI | |
| Uluslararası Standart Kitap Numarası | 9756149116 (tk.) |
| 020 ## - ULUSLARARASI STANDART KİTAP NUMARASI | |
| Uluslararası Standart Kitap Numarası | 9756149132 (c.2) |
| 035 ## - SİSTEM KONTROL NUMARASI | |
| Sistem Kontrol Numarası | 13216 |
| 040 ## - KATALOGLAMA KAYNAK | |
| Orijinal Kataloglama Ajansı | Milas |
| Kataloglama Dili | tur |
| Metne Dönüştürmek Ajansı | TR-AnCHP |
| 082 ## - DEWEY ONLU SINIFLANDIRMA NUMARASI | |
| Sınıflandırma Numarası | 390.09 |
| Ürün Numarası | B86b 2005 |
| 090 ## - SINIFLAMA NUMARASI | |
| Sınıflama Numarası | 390.09 B86b 2005 |
| 111 ## - ANA GİRİŞ - TOPLANTI ADI | |
| Giriş Elemanı Olarak Toplantı Adı Veya Yargı Alanı Adı | Bursa Halk Kültürü Sempozyumu |
| Toplantının Yeri | Bursa |
| Toplantı Veya Antlaşma İmzalandığı Tarihi | 2002 |
| Bölüm / Bölüm / Toplantı Sayısı | 1 |
| 245 ## - BAŞLIK TABLOSU | |
| Başlık | Bursa halk kültürü |
| Başlığın Kalan | Uludağ Üniversitesi I. Bursa Halk Kültürü Sempozyumu, (4-6 Nisan 2002): bildiri kitabı |
| -- | Uludağ Üniversitesi II. Bursa halk kültürü sempozyumu (20-22 Ekim ): bildiri kitabı |
| Sorumluluk Tablosu, Vb | Merih Yurtkuran |
| 246 ## - UNVAN FORM VARYING | |
| Başlık Doğru / Kısa Başlığı | Birinci Bursa Halk Kültürü Sempozyumu |
| 260 ## - YAYIN, DAĞITIM, VB | |
| Yayın, Dağıtım, Vb Yeri | Bursa |
| Yayıncı, Dağıtıcı, Vs Adı | Uludağ Üniversitesi Yayınları |
| Yayın, Dağıtım, Vb Tarihi | 2005 |
| 300 ## - FİZİKSEL TANIM | |
| Kapsam | c. |
| Diğer Fiziksel Ayrıntıları | res. ; tbl. |
| Boyutlar | 23 sm. |
| 490 ## - SERİSİ TABLOSU | |
| Seri Beyanı | Uludağ Üniversitesi I. Bursa halk kültürü sempozyumu (20-22 Ekim ): bildiri kitabı |
| Hacim / Ardışık Tanımı | 2 |
| 650 ## - KONU KATMA GİRİŞ - TOPİKAL DÖNEM | |
| Topikal Süreli Veya Coğrafi Ad Giriş Elemanı | Folklor |
| Kronolojik Alt Bölümü | Toplantılar |
| Coğrafi Alt Bölümü | Bursa |
| -- | Türkiye |
| 651 ## - KONU KATMA GİRİŞ - COĞRAFİ ADI | |
| Coğrafi İsim | Bursa |
| Genel Alt Bölümü | Sosyal yaşam ve gelenekler |
| 700 ## - KATMA GİRİŞ - KİŞİSEL İSİM | |
| Kişisel Ad | Yurtkuran, Merih |
| 942 ## - EKLENDİ GİRİŞ ELEMANLARI (KOHA) | |
| Sınıflandırma Veya Raf Düzeni Kaynak | Dewey Decimal Classification |
| Koha Öğesi Türü | Books |
| 999 ## - SİSTEM KONTROL NUMARALARI (KOHA) | |
| Koha Biblionumber | 4501 |
| Koha Biblioitemnumber | 4501 |
| Kalıcı Konum | Mevcut Konum | Edinme Tarihi | Edinim Kaynak | Toplam Check-Out'Lar | Tam Çağrı Numarası | Barkod | Tarih Son Görülme | İtibaren Geçerli Fiyatlar | Koha Öğesi Türü |
|---|---|---|---|---|---|---|---|---|---|
| CHP Kütüphanesi | CHP Kütüphanesi | 08/11/2016 | Bağış | 390.09 B86b 2005 | 000298 | 08/11/2016 | 08/11/2016 | Books | |
| CHP Kütüphanesi | CHP Kütüphanesi | 08/18/2016 | Bağış | 390.09 B86b 2005 | 000299 | 08/18/2016 | 08/18/2016 | Books |
